|
|
|
|
| LEADER |
00000nam0a2200000 4500 |
| 001 |
262941 |
| 005 |
20231101233710.0 |
| 010 |
|
|
|a 5335001062
|
| 035 |
|
|
|a (RuTPU)RU\TPU\book\285925
|
| 090 |
|
|
|a 262941
|
| 100 |
|
|
|a 20140604d1988 m y0rusy50 ca
|
| 101 |
0 |
|
|a rus
|
| 102 |
|
|
|a UA
|
| 105 |
|
|
|a a g 001zy
|
| 200 |
1 |
|
|a Самонастраивающиеся зажимные механизмы
|e справочник
|f Ю. Н. Кузнецов [и др.]
|g под ред. Ю. Н. Кузнецова
|
| 210 |
|
|
|a Киев
|c Тэхника
|d 1988
|
| 215 |
|
|
|a 222 с.
|c ил.
|
| 320 |
|
|
|a Библиогр.: с. 218-220.
|
| 606 |
1 |
|
|a Металлорежущие станки самонастраивающиеся
|2 stltpush
|3 (RuTPU)RU\TPU\subj\42707
|9 62365
|
| 610 |
1 |
|
|a самонастраивающиеся зажимные механизмы
|
| 610 |
1 |
|
|a металлорежущие станки
|
| 610 |
1 |
|
|a зажимные механизмы
|
| 610 |
1 |
|
|a проектирование
|
| 610 |
1 |
|
|a расчет
|
| 610 |
1 |
|
|a схемы
|
| 610 |
1 |
|
|a станки с ЧПУ
|
| 610 |
1 |
|
|a высокоточные цанговые патроны
|
| 610 |
1 |
|
|a самоцентрирующиеся патроны
|
| 610 |
1 |
|
|a справочники
|
| 675 |
|
|
|a 621.6.06-52(035)
|v 3
|
| 701 |
|
1 |
|a Кузнецов
|b Ю. Н.
|g Юрий Николаевич
|
| 701 |
|
1 |
|a Вачев
|b А. А.
|g Амгел Атанасов
|
| 701 |
|
1 |
|a Сяров
|b С. П.
|g Славомир Петров
|
| 701 |
|
1 |
|a Цървенков
|b С. Й.
|g Александр Йорданов
|
| 702 |
|
1 |
|a Кузнецов
|b Ю. Н.
|g Юрий Николаевич
|4 340
|
| 801 |
|
1 |
|a RU
|b 63413507
|c 20140604
|
| 801 |
|
2 |
|a RU
|b 63413507
|c 20150331
|g RCR
|
| 942 |
|
|
|c BK
|